000 00625nam a2200277Ia 4500
005 20260401122438.0
008 008 250103s9999 xx 000 0 eng d
020 _a9780748691326
037 _aTB
040 _aEDL
040 _beng
040 _cEDL
041 _2eng
041 _aeng
084 _a820.711CAV
084 _qEDL
245 0 _aEdinburgh introduction to studying English Literature
260 _aEdinburgh
260 _bEdinburgh University press
260 _c2010
300 _a261p
942 _cTB
942 _h820.711CAV
999 _c1847333
_d1847333